000 00332nam a2200133Ia 4500
008 220204s9999 xx 000 0 und d
082 _a803
_bFIE
100 _aFiedler, H G
245 0 _aFirst German course for science students
250 _aEd.3
260 _aLondon
_bOxford Univ
_c1944
700 _aSandbach, B E
942 _cBK
999 _c20272
_d20272